000 00455nam a22001697a 4500
005 20251108165225.0
008 250721s1991 xx 000 0 ara d
082 1 4 _a612.11/عبد
100 1 _aفطاير، عبد الرحيم
245 1 0 _aعلم الدم :
_bنظري و عملي /
246 1 1 _aHematology
264 1 _aعمان :
_bدار الثقافة،
_c1991.
300 _a334ص
650 1 7 _aالدم
942 _2ddc
_cBK
999 _c22562
_d22562